Two papers on numbers theory
Αποθηκεύτηκε σε:
| Κύριος συγγραφέας: | |
|---|---|
| Μορφή: | Βιβλίο |
| Γλώσσα: | English |
| Δημοσίευση: |
Berlin :
Veb Deutscher Verlag der Wissenschaften,
1972
|
| Θέματα: | |
| Ετικέτες: |
Προσθήκη ετικέτας
Δεν υπάρχουν, Καταχωρήστε ετικέτα πρώτοι!
|
MARC
| LEADER | 00000cam a2200000 i 4500 | ||
|---|---|---|---|
| 001 | 1/9410 | ||
| 008 | 100714s1972 eng d | ||
| 035 | |l 10108619 | ||
| 040 | |a GR-MY-UA |b gre |e aacr | ||
| 041 | 0 | |a eng | |
| 082 | 0 | |a 512.7 |2 (22) | |
| 100 | 1 | |a Mordell, L. J. |q (Louis Joel), |d 1888-1972. | |
| 245 | 1 | 0 | |a Two papers on numbers theory / |c L. J. Mordell ; mit einem Vorwort von O. Neumann |
| 260 | |a Berlin : |b Veb Deutscher Verlag der Wissenschaften, |c 1972 | ||
| 300 | |a 75 σ.; |c 20 εκ. | ||
| 650 | 0 | 0 | |a Number theory. |
| 852 | |a INST |b SAMOS |c MAG |e 20100714 |h 512.7 MOR |p 005300031490 |q 005300031490 |t BK |y 0 | ||
| 901 | |a BIBL3-2010-2 | ||
| 909 | |a Σ |b 165860 | ||
| 970 | |a ΡΟΥΣΣΟΥ |b ΚΩΝΣΤΑΝΤΙΝΑ |z 2010/07/13 | ||